CONTROL HIGH BLOOD PRESSURE AND LIV LONGER (Record no. 63067)

MARC details
000 -LEADER
fixed length control field 00459nam a2200169Ia 4500
008 - FIXED-LENGTH DATA ELEMENTS--GENERAL INFORMATION
fixed length control field 090123s9999 xx 000 0 und d
082 ## - DEWEY DECIMAL CLASSIFICATION NUMBER
Item number 24996
100 ## - MAIN ENTRY--PERSONAL NAME
Personal name HERMAN POMERRI
245 ## - TITLE STATEMENT
Title CONTROL HIGH BLOOD PRESSURE AND LIV LONGER
250 ## - EDITION STATEMENT
Edition statement 0
300 ## - PHYSICAL DESCRIPTION
Extent 239
600 ## - SUBJECT ADDED ENTRY--PERSONAL NAME
Personal name HERMAN POMERRI
630 ## - SUBJECT ADDED ENTRY--UNIFORM TITLE
Uniform title CONTROL HIGH BLOOD PRESSURE AND LIV LONGER
700 ## - ADDED ENTRY--PERSONAL NAME
Personal name HERMAN POMERRI
730 ## - ADDED ENTRY--UNIFORM TITLE
Uniform title CONTROL HIGH BLOOD PRESSURE AND LIV LONGER
942 ## - ADDED ENTRY ELEMENTS (KOHA)
Koha item type Book
Holdings
Withdrawn status Lost status Damaged status Not for loan Home library Current library Date acquired Cost, normal purchase price Total Checkouts Full call number Barcode Date last seen Cost, replacement price Price effective from Koha item type
        Jawahar Wachalanalaya, Kalwa Jawahar Wachalanalaya, Kalwa 03/31/2002 4.00   24996 KLW-24996 01/23/2009 4.00 01/23/2009 Book